Which Slavic Cyrillic alphabets use this letter? - Statistics

General Stats
  • This quiz has been taken 25 times
  • The average score is 75 of 114
Answer Stats
Question Tile Select % Correct
Ђ Russian No
96%
Ђ Ukrainian No
96%
Њ Belarusian No
92%
Ї Bulgarian No
92%
Ї Macedonian No
92%
Њ Russian No
92%
J Russian No
92%
Ї Russian No
92%
Russian No
92%
Њ Ukrainian No
92%
Ukrainian No
92%
Belarusian No
88%
Љ Russian No
88%
J Serbian Yes
88%
Ї Serbian No
88%
Serbian No
88%
J Ukrainian No
88%
Ї Ukrainian Yes
88%
Ђ Belarusian No
84%
J Belarusian No
84%
Ђ Bulgarian No
84%
Bulgarian No
84%
Э Macedonian No
84%
Э Russian Yes
84%
Ѓ Serbian No
84%
Љ Ukrainian No
84%
Љ Bulgarian No
80%
J Bulgarian No
80%
Macedonian Yes
80%
Ы Russian Yes
80%
Ђ Serbian Yes
80%
Э Serbian No
80%
Љ Belarusian No
76%
Ѓ Bulgarian No
76%
Ѓ Russian No
76%
Љ Serbian Yes
76%
Њ Serbian Yes
76%
Ы Serbian No
76%
Ы Macedonian No
72%
ъ Macedonian No
72%
Ћ Russian No
72%
ъ Russian Yes
72%
ъ Serbian No
72%
Ћ Ukrainian No
72%
Ѓ Ukrainian No
72%
Э Ukrainian No
72%
Њ Bulgarian No
68%
Ё Macedonian No
68%
Ё Russian Yes
68%
Й Russian Yes
68%
Ё Serbian No
68%
Й Serbian No
68%
ъ Ukrainian No
68%
Ћ Belarusian No
64%
Ї Belarusian No
64%
ъ Belarusian No
64%
Ћ Bulgarian No
64%
ъ Bulgarian Yes
64%
Ѓ Macedonian Yes
64%
Й Macedonian No
64%
Я Russian Yes
64%
Ю Russian Yes
64%
S Belarusian No
60%
Ѓ Belarusian No
60%
Џ Belarusian No
60%
Ё Bulgarian No
60%
Э Bulgarian No
60%
Ю Macedonian No
60%
Ґ Russian No
60%
S Russian No
60%
Џ Russian No
60%
Щ Russian Yes
60%
S Ukrainian No
60%
Ё Ukrainian No
60%
Џ Ukrainian No
60%
S Bulgarian No
56%
Ы Bulgarian No
56%
Ђ Macedonian No
56%
Ћ Serbian Yes
56%
Я Serbian No
56%
Щ Serbian No
56%
Ы Ukrainian No
56%
Ґ Bulgarian No
52%
Щ Bulgarian Yes
52%
Љ Macedonian Yes
52%
S Macedonian Yes
52%
Я Macedonian No
52%
Ґ Serbian No
52%
Ю Serbian No
52%
Й Ukrainian Yes
52%
Ю Ukrainian Yes
52%
Ґ Belarusian No
48%
Џ Bulgarian No
48%
Ћ Macedonian No
48%
Њ Macedonian Yes
48%
Щ Macedonian No
48%
S Serbian No
48%
Џ Serbian Yes
48%
Я Ukrainian Yes
48%
Я Belarusian Yes
44%
Ы Belarusian Yes
44%
Ю Belarusian Yes
44%
Э Belarusian Yes
44%
Я Bulgarian Yes
44%
Ю Bulgarian Yes
44%
Ґ Macedonian No
44%
J Macedonian Yes
44%
Щ Ukrainian Yes
44%
Й Belarusian Yes
40%
Щ Belarusian No
40%
Й Bulgarian Yes
40%
Џ Macedonian Yes
40%
Ґ Ukrainian Yes
36%
Ё Belarusian Yes
24%
No matching quizzes found
Score Distribution
Percent of People with Each Score
Percentile by Number Answered
Your Score History
You have not taken this quiz